[Event "Menorca op 3rd"]
[Site "Ciutadella de Menorca"]
[Date "2024.04.06"]
[Round "8"]
[White "Van Foreest, Jorden"]
[Black "Balakrishnan, Praveen"]
[Result "1-0"]
[WhiteElo "2668"]
[BlackElo "2500"]
[PlyCount "109"]
[EventDate "2024.04.02"]
[EventType "swiss"]
[EventRounds "9"]
[EventCountry "ESP"]
[SourceTitle "CB15_2024"]
[SourceDate "2024.04.10"]
[SourceVersion "1"]
[SourceVersionDate "2024.04.10"]
[SourceQuality "1"]

1. e4 c5 2. Nf3 e6 3. d4 cxd4 4. Nxd4 Nc6 5. Nc3 Qc7 6. Be3 a6 7. Bd3 Nf6 8. Qe2 b5 9. Nxc6 Qxc6 10. e5 Nd5 11. Be4 Bb4 12. Bd2 Bxc3 13. Bxc3 Bb7 14. Bb4 Qc4 15. Qxc4 bxc4 16. Bd6 f5 17. exf6 gxf6 18. 0-0-0 Kf7 19. Rd4 Rac8 20. Bf3 Rhg8 21. Rh4 Rg7 22. Rd1 Ba8 23. g3 Nb6 24. Be2 Bd5 25. Bb4 Rc6 26. Bh5+ Kg8 27. Bc3 e5 28. f4 d6 29. Ba5 Bg2 30. Rd2 Bh1 31. fxe5 fxe5 32. Bxb6 Rxb6 33. Rxc4 Rgb7 34. Rf2 Bd5 35. Rc8+ Kg7 36. b3 Be6 37. Ra8 Rb8 38. Rxb8 Rxb8 39. c4 a5 40. Rd2 Rb6 41. Kc2 a4 42. Bf3 axb3+ 43. axb3 Ra6 44. Kc3 Kf6 45. Bb7 Rb6 46. Be4 h6 47. b4 Ra6 48. Kb3 Ke7 49. b5 Ra1 50. b6 Ra6 51. b7 Rb6+ 52. Kc3 Kd7 53. c5 Rb3+ 54. Kc2 Rb5 55. Rxd6+ 1-0

[Event "Tata Steel-A 86th"]
[Site "Wijk aan Zee"]
[Date "2024.01.27"]
[Round "12"]
[White "Van Foreest, Jorden"]
[Black "Giri, Anish"]
[Result "0-1"]
[WhiteElo "2682"]
[BlackElo "2749"]
[PlyCount "48"]
[EventDate "2024.01.13"]
[EventType "tourn"]
[EventRounds "13"]
[EventCountry "NED"]
[EventCategory "19"]
[SourceTitle "CB05_2024"]
[SourceDate "2024.01.31"]
[SourceVersion "1"]
[SourceVersionDate "2024.01.31"]
[SourceQuality "1"]

1. e4 e6 2. d4 d5 3. exd5 exd5 4. Nf3 Nf6 5. Bd3 Bd6 6. Qe2+ Be7 7. 0-0 0-0 8. h3 c5 9. dxc5 Bxc5 10. Nbd2 Re8 11. Qd1 Nc6 12. Nb3 Bb6 13. Re1 Bd7 14. Bf4 Nb4 15. Qd2 Nxd3 16. Qxd3 Re4 17. Be3 Bxe3 18. Rxe3 Qb6 19. Rae1 Rae8 20. Nfd4 a5 21. Qc3 Rc8 22. Qd2 a4 23. Rxe4 Nxe4 24. Qa5 Qf6 0-1

[Event "Tata Steel-A 86th"]
[Site "Wijk aan Zee"]
[Date "2024.01.20"]
[Round "7"]
[White "Praggnanandhaa, Rameshbabu"]
[Black "Van Foreest, Jorden"]
[Result "1/2-1/2"]
[WhiteElo "2743"]
[BlackElo "2682"]
[PlyCount "65"]
[EventDate "2024.01.13"]
[EventType "tourn"]
[EventRounds "13"]
[EventCountry "NED"]
[EventCategory "19"]
[SourceTitle "CB05_2024"]
[SourceDate "2024.01.31"]
[SourceVersion "1"]
[SourceVersionDate "2024.01.31"]
[SourceQuality "1"]

1. d4 d5 2. c4 c6 3. Nf3 Nf6 4. Nc3 e6 5. Bg5 Nbd7 6. cxd5 exd5 7. e3 Be7 8. Bd3 Nh5 9. Bxe7 Qxe7 10. 0-0 0-0 11. Qc2 g6 12. Rfe1 Ndf6 13. Nd2 Be6 14. Nb3 Ng7 15. Rad1 Rfe8 16. f3 Rad8 17. Qf2 b6 18. h3 c5 19. Bc2 h6 20. a3 Nf5 21. g4 Ng7 22. Nc1 h5 23. Qg3 Bc8 24. Nd3 Bb7 25. Ba4 Rf8 26. Ne5 Ne6 27. Kg2 Kg7 28. g5 Ne8 29. h4 Nd6 30. Bc2 Kg8 31. Rd2 Ng7 32. Qf4 Ndf5 33. Bxf5 1/2-1/2

[Event "Tata Steel-A 86th"]
[Site "Wijk aan Zee"]
[Date "2024.01.15"]
[Round "3"]
[White "Ju, Wenjun"]
[Black "Van Foreest, Jorden"]
[Result "0-1"]
[WhiteElo "2549"]
[BlackElo "2682"]
[PlyCount "74"]
[EventDate "2024.01.13"]
[EventType "tourn"]
[EventRounds "13"]
[EventCountry "NED"]
[EventCategory "19"]
[SourceTitle "CB05_2024"]
[SourceDate "2024.01.31"]
[SourceVersion "1"]
[SourceVersionDate "2024.01.31"]
[SourceQuality "1"]

1. d4 g6 2. e4 Bg7 3. Nf3 d6 4. Bc4 Nf6 5. Qe2 Nc6 6. h3 0-0 7. 0-0 Nh5 8. Rd1 e5 9. dxe5 Nxe5 10. Nxe5 Bxe5 11. Nc3 c6 12. Bh6 Re8 13. Qf3 Qf6 14. Qxf6 Nxf6 15. Bd3 b5 16. Rab1 Nd7 17. f4 Bd4+ 18. Kh2 Bb6 19. b4 a5 20. a3 Bc7 21. Kh1 Nf6 22. Bg5 Nd7 23. e5 d5 24. Nxd5 cxd5 25. Bxb5 axb4 26. axb4 Re6 27. Rxd5 Nf8 28. c4 Rb6 29. Rbd1 Bb7 30. R5d2 Ne6 31. Bh6 g5 32. f5 Nd4 33. f6 Bxe5 34. Bxg5 Re6 35. Rxd4 Bxd4 36. Rxd4 Re2 37. c5 Ra1+ 0-1

[Event "Tata Steel-A 86th"]
[Site "Wijk aan Zee"]
[Date "2024.01.14"]
[Round "2"]
[White "Van Foreest, Jorden"]
[Black "Warmerdam, Max"]
[Result "0-1"]
[WhiteElo "2682"]
[BlackElo "2625"]
[PlyCount "80"]
[EventDate "2024.01.13"]
[EventType "tourn"]
[EventRounds "13"]
[EventCountry "NED"]
[EventCategory "19"]
[SourceTitle "CB05_2024"]
[SourceDate "2024.01.31"]
[SourceVersion "1"]
[SourceVersionDate "2024.01.31"]
[SourceQuality "1"]

1. d4 d5 2. Nf3 Nf6 3. Bf4 Bf5 4. e3 e6 5. Nbd2 Nbd7 6. c4 dxc4 7. Bxc4 Bd6 8. Ne5 Ne4 9. f3 Nxd2 10. Qxd2 Qe7 11. 0-0-0 0-0-0 12. Qa5 Nxe5 13. dxe5 Bc5 14. e4 Bg6 15. a3 Bb6 16. Qc3 Kb8 17. g3 f5 18. exf6 gxf6 19. e5 Qc5 20. Bxe6 fxe5 21. Qxc5 Bxc5 22. Bh6 Bd4 23. Bb3 Rd6 24. Rxd4 exd4 25. Bd1 Re8 26. h4 Rc6+ 27. Kd2 Rb6 28. Kc1 Rc6+ 29. Kd2 Rb6 30. Kc1 c5 31. h5 Bd3 32. Bg7 Be2 33. f4 Bxd1 34. Rxd1 Rb3 35. Be5+ Kc8 36. Rg1 Rg8 37. g4 Rh3 38. Kd2 Kd7 39. g5 Ke6 40. b4 c4 0-1

[Event "Tata Steel-A 86th"]
[Site "Wijk aan Zee"]
[Date "2024.01.13"]
[Round "1"]
[White "Van Foreest, Jorden"]
[Black "Firouzja, Alireza"]
[Result "0-1"]
[WhiteElo "2682"]
[BlackElo "2759"]
[PlyCount "74"]
[EventDate "2024.01.13"]
[EventType "tourn"]
[EventRounds "13"]
[EventCountry "NED"]
[EventCategory "19"]
[SourceTitle "CB05_2024"]
[SourceDate "2024.01.31"]
[SourceVersion "1"]
[SourceVersionDate "2024.01.31"]
[SourceQuality "1"]

1. e4 e6 2. d4 d5 3. Nc3 Nf6 4. Bg5 dxe4 5. Nxe4 Be7 6. Nxf6+ Bxf6 7. Bxf6 Qxf6 8. Nf3 0-0 9. Qd3 Bd7 10. Qe3 Nc6 11. 0-0-0 Rfd8 12. c3 Ne7 13. Qe5 Ba4 14. Re1 Qg6 15. b3 Be8 16. Qg5 Nd5 17. Qxg6 hxg6 18. Kb2 Rac8 19. Bc4 c5 20. dxc5 Rxc5 21. Re5 b5 22. Bxd5 Rcxd5 23. Rxd5 Rxd5 24. c4 bxc4 25. bxc4 Rf5 26. Rd1 Kf8 27. Rd8 e5 28. Kb3 e4 29. Nd2 Ke7 30. Ra8 Bc6 31. Rxa7+ Kd6 32. Ra6 Kc7 33. Ra7+ Kd8 34. Kc3 Rxf2 35. Nb3 e3 36. Nd4 Be4 37. c5 Rd2 0-1

[Event "Titled Tuesday intern op 09th Jan Early"]
[Site "Chess.com INT"]
[Date "2024.01.09"]
[Round "6"]
[White "Rustemov, Alexander"]
[Black "Van Foreest, Jorden"]
[Result "0-1"]
[WhiteElo "2525"]
[BlackElo "2682"]
[PlyCount "144"]
[EventDate "2024.01.09"]
[EventType "swiss (blitz)"]
[EventRounds "11"]
[EventCountry "USA"]
[SourceTitle "CB03_2024"]
[SourceDate "2024.01.17"]
[SourceVersion "1"]
[SourceVersionDate "2024.01.17"]
[SourceQuality "1"]

1. d4 d5 2. c4 e6 3. Nc3 a6 4. cxd5 exd5 5. Nf3 h6 6. Bf4 c6 7. e3 Bd6 8. Bxd6 Qxd6 9. Bd3 Ne7 10. Qc2 Nd7 11. 0-0 Nf6 12. Na4 0-0 13. Rfc1 g6 14. Nc5 Rb8 15. b4 Bf5 16. a4 Rfc8 17. Ne5 h5 18. h3 Kg7 19. Rab1 Rc7 20. Rb3 Rbc8 21. Rc3 Bxd3 22. Ncxd3 Ne4 23. Rb3 f6 24. Nf3 Qd8 25. Nc5 Nxc5 26. bxc5 Rd7 27. Rcb1 Rcc7 28. R1b2 Nf5 29. Qb1 Qc8 30. a5 Re7 31. g3 Rcd7 32. Kg2 Qc7 33. h4 Kh6 34. Qe1 Qd8 35. Qd2 Kh7 36. Ne1 Qe8 37. Nf3 Qf7 38. Qd3 Qe6 39. Qb1 Qf7 40. Qd3 Kg7 41. Qb1 Rc7 42. Qd3 Red7 43. Qb1 Qe7 44. Qd3 Qf7 45. Qb1 Kh7 46. Qd3 Ne7 47. Qb1 Nc8 48. Ne1 Na7 49. Nd3 Nb5 50. Nf4 Kg7 51. Qd3 Re7 52. Re2 Re4 53. Rb1 g5 54. hxg5 fxg5 55. Nh3 Qg6 56. f3 Re6 57. Qxg6+ Kxg6 58. Rb3 Nxd4 59. Reb2 Nxb3 60. Rxb3 Rce7 61. Kf2 d4 62. e4 Re5 63. Rb4 Rd7 64. Rc4 d3 65. Ke1 d2+ 66. Kd1 Rd3 67. Ng1 g4 68. f4 Re8 69. Ne2 h4 70. gxh4 g3 71. Rd4 Rxd4 72. Nxd4 Rxe4 0-1

[Event "Titled Tuesday intern op 09th Jan Early"]
[Site "Chess.com INT"]
[Date "2024.01.09"]
[Round "10"]
[White "Van Foreest, Jorden"]
[Black "Kuzubov, Yuriy"]
[Result "1-0"]
[WhiteElo "2682"]
[BlackElo "2605"]
[PlyCount "67"]
[EventDate "2024.01.09"]
[EventType "swiss (blitz)"]
[EventRounds "11"]
[EventCountry "USA"]
[SourceTitle "CB03_2024"]
[SourceDate "2024.01.17"]
[SourceVersion "1"]
[SourceVersionDate "2024.01.17"]
[SourceQuality "1"]

1. e4 e6 2. d4 d5 3. Nd2 Nc6 4. c3 e5 5. Ngf3 exd4 6. exd5 Qxd5 7. Bc4 Qh5 8. cxd4 Nf6 9. 0-0 Be7 10. Ne5 Qxd1 11. Rxd1 Nxe5 12. dxe5 Ng4 13. Re1 Be6 14. h3 Nh6 15. g4 0-0-0 16. Bxe6+ fxe6 17. Ne4 Nf7 18. f4 h5 19. Kg2 hxg4 20. hxg4 Rh4 21. Nf2 Bb4 22. Re2 Rdh8 23. Be3 Rh2+ 24. Kf3 g5 25. Rg1 Be7 26. Rg2 R2h7 27. Ne4 Rh3+ 28. Rg3 Rh1 29. Bd2 Rf8 30. Kg2 Rfh8 31. Kf3 gxf4 32. Bxf4 Rf8 33. Ke3 Nh8 34. Nf6 1-0

[Event "Titled Tuesday intern op 09th Jan Early"]
[Site "Chess.com INT"]
[Date "2024.01.09"]
[Round "9"]
[White "Zou, Chen"]
[Black "Van Foreest, Jorden"]
[Result "0-1"]
[WhiteElo "2449"]
[BlackElo "2682"]
[PlyCount "76"]
[EventDate "2024.01.09"]
[EventType "swiss (blitz)"]
[EventRounds "11"]
[EventCountry "USA"]
[SourceTitle "CB03_2024"]
[SourceDate "2024.01.17"]
[SourceVersion "1"]
[SourceVersionDate "2024.01.17"]
[SourceQuality "1"]

1. Nf3 Nf6 2. e3 d5 3. d4 Bg4 4. Be2 e6 5. c4 Nbd7 6. Nc3 c6 7. b3 Bd6 8. Bb2 h5 9. h3 Bxf3 10. Bxf3 Qe7 11. Be2 Ba3 12. Qc1 Bxb2 13. Qxb2 0-0-0 14. b4 dxc4 15. Bxc4 e5 16. 0-0 Nb6 17. dxe5 Qxe5 18. Qb3 Ng4 19. hxg4 hxg4 20. Rfd1 Qh2+ 21. Kf1 Qh1+ 22. Ke2 Qxg2 23. Bd3 Rh2 24. Rf1 Qf3+ 25. Kd2 Rxf2+ 26. Rxf2 Qxf2+ 27. Ne2 Nd5 28. Re1 g3 29. Qc4 Qxe3+ 30. Kc2 g2 31. Qg4+ Kb8 32. a3 Nxb4+ 33. Qxb4 Qxd3+ 34. Kb2 Qd2+ 35. Kb3 Rd3+ 36. Ka4 Qc2+ 37. Ka5 b6+ 38. Ka6 Qc4+ 0-1

[Event "Wch Rapid"]
[Site "Samarkand"]
[Date "2023.12.27"]
[Round "6"]
[White "Adhiban, Baskaran"]
[Black "Van Foreest, Jorden"]
[Result "0-1"]
[WhiteElo "2541"]
[BlackElo "2679"]
[PlyCount "92"]
[EventDate "2023.12.26"]
[EventType "swiss (rapid)"]
[EventRounds "13"]
[EventCountry "UZB"]
[SourceTitle "CB01_2024"]
[SourceDate "2024.01.03"]
[SourceVersion "1"]
[SourceVersionDate "2024.01.03"]
[SourceQuality "1"]

1. c4 c6 2. Nf3 d5 3. g3 g6 4. Qa4 dxc4 5. Qxc4 Bg7 6. Bg2 e5 7. 0-0 Be6 8. Qb4 Qe7 9. Qxe7+ Nxe7 10. Nc3 0-0 11. d3 h6 12. Be3 Nd7 13. Rfc1 a5 14. Na4 Nd5 15. Bd2 N5b6 16. Nxb6 Nxb6 17. Bc3 f6 18. a4 Rfd8 19. Nd2 Bf8 20. Ne4 Kf7 21. Bd2 Nd7 22. Be3 f5 23. Nd2 Bb4 24. Bxh6 Rh8 25. Be3 g5 26. Nf3 g4 27. Ng5+ Ke7 28. d4 e4 29. h4 gxh3 30. Nxh3 Nb6 31. Nf4 Rag8 32. Nxe6 Kxe6 33. Bf4 Nd5 34. Be5 Rh7 35. e3 Rg6 36. Kf1 Bd6 37. Bxd6 Kxd6 38. Ke2 Rh2 39. Rg1 Nb4 40. Raf1 Nd3 41. b3 c5 42. Kd2 cxd4 43. exd4 Kd5 44. Ke2 f4 45. f3 Rxg3 46. fxe4+ Kxd4 0-1

[Event "Wch Rapid"]
[Site "Samarkand"]
[Date "2023.12.27"]
[Round "9"]
[White "Van Foreest, Jorden"]
[Black "Chigaev, Maksim"]
[Result "1/2-1/2"]
[WhiteElo "2679"]
[BlackElo "2621"]
[PlyCount "142"]
[EventDate "2023.12.26"]
[EventType "swiss (rapid)"]
[EventRounds "13"]
[EventCountry "UZB"]
[SourceTitle "CB01_2024"]
[SourceDate "2024.01.03"]
[SourceVersion "1"]
[SourceVersionDate "2024.01.03"]
[SourceQuality "1"]

1. e4 e5 2. Nf3 Nc6 3. Bb5 a6 4. Ba4 Nf6 5. 0-0 Be7 6. d3 d6 7. c3 0-0 8. Re1 Re8 9. h3 h6 10. Nbd2 Bf8 11. d4 exd4 12. cxd4 b5 13. Bc2 Nb4 14. Bb1 c5 15. a3 Nc6 16. d5 Ne5 17. Nxe5 dxe5 18. b3 Bd6 19. Bd3 Bd7 20. Bb2 Nh7 21. Re3 Nf8 22. Kh2 f5 23. Re1 f4 24. a4 Nh7 25. axb5 axb5 26. Qe2 Qb6 27. Rxa8 Rxa8 28. Nf3 Qb8 29. Ra1 Rxa1 30. Bxa1 Ng5 31. Nxg5 hxg5 32. Bc3 g6 33. Qa2 Kf7 34. Qa6 b4 35. Bb2 Ke7 36. Be2 Qc8 37. Qa1 Qb8 38. Kg1 Qc7 39. Kf1 Qb8 40. Ke1 Qc7 41. Kd2 Qb8 42. Kc2 Qc7 43. Qa8 Qb8 44. Qa6 Bc8 45. Qa1 Bd7 46. Bc4 Bc8 47. Qg1 Bd7 48. g3 Qf8 49. gxf4 Qxf4 50. Bc1 Qf3 51. Qxg5+ Kf7 52. Be3 Bxh3 53. Qh4 Bg4 54. Qh7+ Kf6 55. Qh8+ Kf7 56. Bb5 Qxe4+ 57. Kb2 Bf8 58. Qh7+ Bg7 59. Qh4 g5 60. Qxg5 Bf5 61. Qh5+ Bg6 62. Qd1 Qf5 63. d6 e4+ 64. Kc2 Qe5 65. Bc4+ Ke8 66. Qg4 Bf5 67. Bb5+ Kf8 68. Qg5 Bf6 69. Qh6+ Bg7 70. Qg5 Bf6 71. Qh6+ Bg7 1/2-1/2

[Event "Gashimov Memorial Blitz 9th"]
[Site "Baku"]
[Date "2023.12.11"]
[Round "8"]
[White "Gelfand, Boris"]
[Black "Van Foreest, Jorden"]
[Result "1/2-1/2"]
[WhiteElo "2660"]
[BlackElo "2679"]
[PlyCount "53"]
[EventDate "2023.12.11"]
[EventType "tourn (blitz)"]
[EventRounds "18"]
[EventCountry "AZE"]
[EventCategory "18"]
[SourceTitle "CB50_2023"]
[SourceDate "2023.12.13"]
[SourceVersion "1"]
[SourceVersionDate "2023.12.13"]
[SourceQuality "1"]

1. d4 d5 2. c4 e5 3. dxe5 d4 4. Nf3 Nc6 5. a3 g6 6. e3 Bg4 7. Be2 Bxf3 8. Bxf3 Nge7 9. 0-0 Bg7 10. exd4 Qxd4 11. Nc3 Qxc4 12. Bg5 Rd8 13. Qc1 Nd4 14. Qf4 Qe6 15. Bf6 Nxf3+ 16. Qxf3 0-0 17. Qxb7 Bxf6 18. exf6 Qxf6 19. Qxc7 Nd5 20. Nxd5 Rxd5 21. b4 a6 22. Rac1 Rd6 23. a4 Rb6 24. Rc4 Rfb8 25. Qc5 Qb2 26. b5 axb5 27. axb5 1/2-1/2

[Event "Gashimov Memorial Blitz 9th"]
[Site "Baku"]
[Date "2023.12.11"]
[Round "3"]
[White "Suleymanli, Aydin Elshan"]
[Black "Van Foreest, Jorden"]
[Result "1/2-1/2"]
[WhiteElo "2609"]
[BlackElo "2679"]
[PlyCount "152"]
[EventDate "2023.12.11"]
[EventType "tourn (blitz)"]
[EventRounds "18"]
[EventCountry "AZE"]
[EventCategory "18"]
[SourceTitle "CB50_2023"]
[SourceDate "2023.12.13"]
[SourceVersion "1"]
[SourceVersionDate "2023.12.13"]
[SourceQuality "1"]

1. d4 Nf6 2. c4 e6 3. Nf3 d5 4. Nc3 c5 5. cxd5 exd5 6. g3 Nc6 7. Bg2 h6 8. 0-0 c4 9. Ne5 Bb4 10. Bd2 0-0 11. Nxc6 bxc6 12. Na4 Rb8 13. b3 Ba6 14. Bxb4 Rxb4 15. Nc5 Rb6 16. Qc2 Qc8 17. Rfc1 Re8 18. e3 cxb3 19. axb3 Re7 20. Na4 Rb8 21. Qxc6 Qxc6 22. Rxc6 Bb5 23. Rc5 Be8 24. Nc3 Rxb3 25. Nxd5 Nxd5 26. Rxd5 g6 27. Rda5 Rc7 28. Bf3 Bb5 29. Bd5 Bc4 30. Bxc4 Rxc4 31. Rxa7 Rc6 32. R7a6 Rc7 33. Rf6 Kg7 34. Rf4 Rb2 35. h4 Re7 36. Kg2 g5 37. hxg5 hxg5 38. Rf3 Re6 39. Ra5 f6 40. Ra7+ Kg6 41. d5 Rd6 42. e4 Re2 43. Re3 Rxe3 44. fxe3 g4 45. Kf2 Rb6 46. Ra4 Rb2+ 47. Kf1 Rb1+ 48. Ke2 Rg1 49. e5 fxe5 50. Rxg4+ Kf5 51. Rg8 Ke4 52. d6 Rg2+ 53. Kd1 Kxe3 54. Kc1 Rd2 55. Rd8 e4 56. d7 Rd6 57. g4 Kd3 58. g5 e3 59. Kd1 Ra6 60. Kc1 Rc6+ 61. Kb2 Rc7 62. Re8 Rxd7 63. Kc1 e2 64. g6 Rc7+ 65. Kb2 Kd2 66. Rd8+ Ke1 67. Rf8 Rg7 68. Rf6 Rd7 69. Rf7 Rd2+ 70. Kb3 Rd3+ 71. Kc2 Rg3 72. g7 Rg6 73. Kc1 Rc6+ 74. Kb2 Rg6 75. Kc2 Rg3 76. Kc1 Rg6 1/2-1/2

[Event "Gashimov Memorial Blitz 9th"]
[Site "Baku"]
[Date "2023.12.11"]
[Round "4"]
[White "Van Foreest, Jorden"]
[Black "Mamedov, Rauf"]
[Result "1/2-1/2"]
[WhiteElo "2679"]
[BlackElo "2651"]
[PlyCount "102"]
[EventDate "2023.12.11"]
[EventType "tourn (blitz)"]
[EventRounds "18"]
[EventCountry "AZE"]
[EventCategory "18"]
[SourceTitle "CB50_2023"]
[SourceDate "2023.12.13"]
[SourceVersion "1"]
[SourceVersionDate "2023.12.13"]
[SourceQuality "1"]

1. e4 c5 2. Nf3 Nc6 3. Bc4 d6 4. d4 cxd4 5. Nxd4 Nf6 6. Nc3 Bd7 7. Nxc6 Bxc6 8. Qe2 g6 9. 0-0 Bg7 10. Rd1 Qa5 11. Nd5 Bxd5 12. exd5 0-0 13. c3 Qc7 14. a4 Rac8 15. Bb3 a5 16. Bg5 Rfe8 17. Bc2 Nd7 18. Bd3 Bf6 19. Bh6 Nc5 20. Bb5 Red8 21. Re1 Nd7 22. Rad1 Nb6 23. g4 Nc4 24. Rd3 Ne5 25. Re3 Qc5 26. f4 Nd7 27. Qf3 Nb6 28. Rd1 Rc7 29. Kh1 Nc4 30. Re2 Bg7 31. Bg5 Bf6 32. Bh6 Bg7 33. Bxg7 Kxg7 34. Rd4 Nb6 35. f5 f6 36. g5 Rf8 37. Rg2 fxg5 38. Rxg5 Rf6 39. Qe4 e5 40. dxe6 Re7 41. Rd1 d5 42. Qe5 Nc4 43. Bxc4 Qxc4 44. Rdg1 Qe4+ 45. Qxe4 dxe4 46. R1g4 e3 47. Kg2 Kh6 48. fxg6 e2 49. Re5 Rfxe6 50. g7 Rxe5 51. g8N+ Kh5 1/2-1/2

[Event "Gashimov Memorial Blitz 9th"]
[Site "Baku"]
[Date "2023.12.11"]
[Round "7"]
[White "Van Foreest, Jorden"]
[Black "Rapport, Richard"]
[Result "0-1"]
[WhiteElo "2679"]
[BlackElo "2731"]
[PlyCount "38"]
[EventDate "2023.12.11"]
[EventType "tourn (blitz)"]
[EventRounds "18"]
[EventCountry "AZE"]
[EventCategory "18"]
[SourceTitle "CB50_2023"]
[SourceDate "2023.12.13"]
[SourceVersion "1"]
[SourceVersionDate "2023.12.13"]
[SourceQuality "1"]

1. e4 Nf6 2. e5 Nd5 3. d4 d6 4. Nf3 dxe5 5. Nxe5 c6 6. Bc4 Nd7 7. Nf3 N7f6 8. 0-0 Bg4 9. Be2 e6 10. h3 Bf5 11. Nh4 Bg6 12. c4 Ne7 13. Nc3 Nf5 14. Nxg6 hxg6 15. d5 Bd6 16. Bg5 Qc7 17. dxe6 0-0-0 18. Qa4 Bc5 19. Bxf6 Rxh3 0-1

[Event "Gashimov Memorial Blitz 9th"]
[Site "Baku"]
[Date "2023.12.11"]
[Round "2"]
[White "Van Foreest, Jorden"]
[Black "Vidit, Santosh Gujrathi"]
[Result "1/2-1/2"]
[WhiteElo "2679"]
[BlackElo "2737"]
[PlyCount "97"]
[EventDate "2023.12.11"]
[EventType "tourn (blitz)"]
[EventRounds "18"]
[EventCountry "AZE"]
[EventCategory "18"]
[SourceTitle "CB50_2023"]
[SourceDate "2023.12.13"]
[SourceVersion "1"]
[SourceVersionDate "2023.12.13"]
[SourceQuality "1"]

1. e4 e5 2. Nf3 Nc6 3. d4 exd4 4. Nxd4 Nf6 5. Nxc6 bxc6 6. Bd3 d5 7. exd5 cxd5 8. 0-0 Be7 9. h3 0-0 10. Re1 Be6 11. Nc3 c5 12. Bf1 Re8 13. b3 h6 14. Qf3 d4 15. Ne4 Nxe4 16. Qxe4 Bg5 17. Bd3 g6 18. Bxg5 Qxg5 19. Qe5 Rac8 20. Qxg5 hxg5 21. Re5 g4 22. hxg4 Bxg4 23. Rae1 Rxe5 24. Rxe5 Kf8 25. Kh2 Rc7 26. Kg3 Bc8 27. Kh4 Kg7 28. f4 Be6 29. Bc4 Bf5 30. Bd3 Be6 31. Bc4 Bf5 32. Re2 Kf6 33. g4 Be6 34. g5+ Ke7 35. Bxe6 fxe6 36. Kg4 c4 37. Rh2 Kd6 38. Kf3 cxb3 39. axb3 Kd5 40. Re2 Rc3+ 41. Kg4 Kd6 42. Re4 Kd5 43. Re5+ Kd6 44. Re2 a5 45. Re4 Kd5 46. Re5+ Kd6 47. Re4 Kd5 48. Re5+ Kd6 49. Re4 1/2-1/2

[Event "Gashimov Memorial Rapid 9th"]
[Site "Baku"]
[Date "2023.12.10"]
[Round "9"]
[White "Van Foreest, Jorden"]
[Black "Mamedyarov, Shakhriyar"]
[Result "1-0"]
[WhiteElo "2679"]
[BlackElo "2723"]
[PlyCount "89"]
[EventDate "2023.12.08"]
[EventType "tourn (rapid)"]
[EventRounds "9"]
[EventCountry "AZE"]
[EventCategory "18"]
[SourceTitle "CB50_2023"]
[SourceDate "2023.12.13"]
[SourceVersion "1"]
[SourceVersionDate "2023.12.13"]
[SourceQuality "1"]

1. e4 e5 2. Nf3 Nc6 3. Bb5 a6 4. Ba4 Nf6 5. 0-0 Be7 6. d3 b5 7. Bb3 d6 8. c3 0-0 9. Re1 Be6 10. Bxe6 fxe6 11. Nbd2 d5 12. Qe2 Bc5 13. Nb3 Bd6 14. a4 b4 15. c4 dxc4 16. dxc4 Nd7 17. Be3 Qe7 18. Bg5 Qe8 19. Be3 h6 20. Rad1 Be7 21. c5 Nf6 22. Qc4 Qf7 23. Nc1 Ng4 24. Rd7 Qg6 25. Kh1 Na5 26. Qe2 Rf7 27. h3 Nxe3 28. Qxe3 Nc6 29. Ne2 Rd8 30. Qd3 Rff8 31. Rxd8 Rxd8 32. Qxa6 Nd4 33. Nexd4 exd4 34. Ne5 Qf6 35. Nd3 e5 36. Qc4+ Kh7 37. a5 Ra8 38. Ra1 Qg5 39. a6 Qd2 40. a7 c6 41. Qa6 Bg5 42. Qb7 Rf8 43. Nxe5 Bf4 44. Nd7 Rd8 45. a8Q 1-0

[Event "Gashimov Memorial Rapid 9th"]
[Site "Baku"]
[Date "2023.12.10"]
[Round "7"]
[White "Van Foreest, Jorden"]
[Black "Rapport, Richard"]
[Result "1-0"]
[WhiteElo "2679"]
[BlackElo "2731"]
[PlyCount "109"]
[EventDate "2023.12.08"]
[EventType "tourn (rapid)"]
[EventRounds "9"]
[EventCountry "AZE"]
[EventCategory "18"]
[SourceTitle "CB50_2023"]
[SourceDate "2023.12.13"]
[SourceVersion "1"]
[SourceVersionDate "2023.12.13"]
[SourceQuality "1"]

1. e4 Nf6 2. e5 Nd5 3. d4 d6 4. Nf3 dxe5 5. Nxe5 c6 6. Bc4 Nd7 7. Nf3 N7f6 8. 0-0 Bg4 9. Be2 e6 10. h3 Bf5 11. Re1 Bd6 12. Bd3 Bxd3 13. Qxd3 0-0 14. Nbd2 c5 15. Nc4 Be7 16. dxc5 Bxc5 17. Nce5 Qb6 18. Qe2 h6 19. c4 Ne7 20. Nd3 Nf5 21. Nxc5 Qxc5 22. b3 Rfd8 23. Bb2 Rd6 24. a4 Rdd8 25. a5 Qd6 26. Bc3 Qd3 27. Qb2 Ne8 28. a6 bxa6 29. Rxa6 Qd7 30. Rea1 Qb7 31. Ne5 Nf6 32. b4 Ne4 33. b5 Nxc3 34. Qxc3 Nd4 35. Kh1 Qc7 36. Nc6 Nxc6 37. Rxc6 Qb7 38. Qe3 a5 39. Qb6 Qxb6 40. Rxb6 Rdc8 41. Ra6 Rab8 42. Ra4 Kf8 43. R6xa5 Ke7 44. Ra7+ Kf6 45. Rb4 Rb6 46. Kg1 Rc5 47. Kf1 g5 48. Rd7 Re5 49. Rb3 Rc5 50. Rb4 Re5 51. Rc7 Rd6 52. Rb1 Rd2 53. b6 Ree2 54. Kg1 Ke5 55. Rxf7 1-0

[Event "Gashimov Memorial Rapid 9th"]
[Site "Baku"]
[Date "2023.12.08"]
[Round "1"]
[White "Abasov, Nijat Azad"]
[Black "Van Foreest, Jorden"]
[Result "1/2-1/2"]
[WhiteElo "2641"]
[BlackElo "2679"]
[PlyCount "75"]
[EventDate "2023.12.08"]
[EventType "tourn (rapid)"]
[EventRounds "9"]
[EventCountry "AZE"]
[EventCategory "18"]
[SourceTitle "CB50_2023"]
[SourceDate "2023.12.13"]
[SourceVersion "1"]
[SourceVersionDate "2023.12.13"]
[SourceQuality "1"]

1. e4 c6 2. Nf3 d5 3. d3 g6 4. e5 f6 5. d4 fxe5 6. Nxe5 Nd7 7. c4 Bg7 8. cxd5 Nxe5 9. dxe5 Bxe5 10. dxc6 Qxd1+ 11. Kxd1 bxc6 12. Bc4 Nf6 13. f3 Nd5 14. Re1 Bxh2 15. Nc3 Nb6 16. Bd3 Bf5 17. Ne4 0-0 18. Bg5 Rfd8 19. Ke2 Be5 20. Bxe7 Re8 21. Ba3 Nd5 22. Kf2 Rab8 23. Rab1 Bd4+ 24. Kg3 Be5+ 25. Kf2 Kg7 26. Bc5 a5 27. g4 Bxe4 28. Rxe4 Bf6 29. Rxe8 Rxe8 30. a3 Rb8 31. b4 axb4 32. axb4 Bh4+ 33. Kf1 Be7 34. Bxe7 Nxe7 35. Be4 Kf6 36. Kf2 Rb5 37. Kg3 h5 38. gxh5 1/2-1/2